Только раз в жизни: Роман; пер. с англ.

Opis bibliograficzny
1. autor: Стил Д. Даниэла
Język:rosyjski
Wydane: Москва, КРОН-Пресс, 1995
Seria:New Hollywood
Hasła przedmiotowe:
Format: MixedMaterials Książka
KOHA link:https://koha.lib.tpu.ru/cgi-bin/koha/opac-detail.pl?biblionumber=1962

MARC

LEADER 00000nam0a2200000 4500
001 1962
005 20231030173518.0
010 |a 5232001787 
035 |a (RuTPU)RU\TPU\book\1971 
035 |a BOOK00001973 
090 |a 1962 
100 |a 20011209d1995 m y0rusy50 ca 
101 1 |a rus  |c eng 
102 |a RU 
105 |a y z 000ay 
200 1 |a Только раз в жизни  |e Роман  |e пер. с англ.  |f Д. Стил 
210 |a Москва  |c КРОН-Пресс  |c АСТ  |d 1995 
215 |a 400 с. 
225 1 |a New Hollywood 
610 1 |a роман 
610 1 |a любовь 
610 1 |a любовный роман 
675 |a 82  |v 3 
700 1 |a Стил  |b Д.  |g Даниэла 
801 0 |a RU  |b 63413507  |c 20011209  |g PSBO 
801 2 |a RU  |b 63413507  |c 20060911  |g PSBO 
942 |c BK